<The> Situation of Roma Minority in Slovakia and International Aspect of the Roma Issue

Gespeichert in:
Bibliographische Detailangaben
1. Verfasser: Koganová, Viera
Format: Buchkapitel
Sprache:Englisch
Tags: Tag hinzufügen
Keine Tags, Fügen Sie das erste Tag hinzu!

MARC

LEADER 00000naa$a2200000$$$4500
001 0060378
005 20240502083142.9
041 0 |a eng 
044 |a PL 
245 1 0 |a <The> Situation of Roma Minority in Slovakia and International Aspect of the Roma Issue  |c Viera Koganová 
100 1 |a Koganová, Viera